000 00381nam a2200133Ia 4500
008 130318s9999 xx 000 0 und d
020 _a9788121612012
082 _a658 RAO/F
100 _aRao, S.L
245 _aFrom servants to masters: The evolution of professional management in India
260 _bGlobal Business Press
_aNew Delhi
_c2007
300 _a426
650 _aMANAGEMENT
999 _c1229
_d1229